Artists by Last Name - Statistics

General Stats
  • This quiz has been taken 1,519 times
  • The average score is 14 of 20
Answer Stats
First Name Last Name % Correct
Leonardo da Vinci
98%
Vincent van Gogh
98%
Pablo Picasso
97%
Andy Warhol
95%
Salvador Dalí
95%
Claude Monet
89%
Paul Gauguin
82%
Jackson Pollock
79%
Gustav Klimt
73%
Georgia O'Keefe
67%
Rembrandt van Rijn
61%
Jan Vermeer
59%
Edgar Degas
57%
Édouard Manet
56%
Henri de Toulouse-Lautrec
56%
Auguste Rodin
55%
John Constable
50%
Sandro Botticelli
49%
Albrecht Dürer
44%
Pierre-Auguste Renoir
19%
No matching quizzes found
Score Distribution
Percent of People with Each Score
Percentile by Number Answered
Your Score History
You have not taken this quiz